Quality control handbook
Kaydedildi:
| Asıl Yazarlar: | , , |
|---|---|
| Materyal Türü: | Kitap |
| Dil: | İngilizce |
| Baskı/Yayın Bilgisi: |
Nueva York
McGraw-Hill
1974
|
| Edisyon: | 3a. ed |
| Konular: | |
| Etiketler: |
Etiketle
Etiket eklenmemiş, İlk siz ekleyin!
|
MARC
| LEADER | 00000nam a2200000 a 4500 | ||
|---|---|---|---|
| 001 | UCR5413 | ||
| 003 | CL-VaPUC | ||
| 008 | 980327e19740000US |||||||||||||||||eng|d | ||
| 082 | 0 | 4 | |a 658.568 |b JUR |2 21 |
| 100 | |a Juran, Joseph M |e author |9 434094 | ||
| 700 | |a Gryna, Frank M |e author |9 521903 | ||
| 700 | 0 | |a Bingham, R. S |e author |9 406318 | |
| 245 | 1 | 0 | |a Quality control handbook |
| 250 | |a 3a. ed | ||
| 300 | |a 1739 p | ||
| 942 | |c BK | ||
| 945 | |d 19980327 00:00:00 |a lriquelm | ||
| 260 | |a Nueva York |b McGraw-Hill |c 1974 | ||
| 650 | 0 | |a Control de calidad |9 259714 | |
| 650 | 0 | |a Manuales |9 257144 | |
| 650 | 7 | |a GESTION DE PRODUCCION |2 CL-VaPUC |9 406319 | |
| 650 | 0 | |a Optimización |9 339671 | |
| 650 | 0 | |a Investigación operativa |9 259383 | |
| 650 | 0 | |a Gestión industrial |9 263790 | |
| 650 | 7 | |a INGENIERIA DE PRODUCCION |2 CL-VaPUC |9 271840 | |
| 650 | 7 | |a DESARROLLO DE LOS PROCESOS |2 CL-VaPUC |9 356265 | |
| 583 | |a last modification |c 19980327 00:00:00 |k Rodrigo Vera | ||
| 999 | |c 268013 |d 268011 | ||
| 952 | |0 0 |1 0 |4 0 |6 658_568000000000000_JUR_1974 |7 0 |8 A |9 300869 |a BIBALI |b BIBALI |c GEN |d 2019-11-20 |i 1975382 |o 658.568 JUR 1974 |p 1975382 |r 2025-01-20 |w 2019-11-20 |y BK |k ALI | ||